LEADER 01321nam a2200289 a 4500 001 000000172159 003 CaOOAMICUS 005 20190626153514.0 008 190626s2018 it u000 u ita r 020 $a978-88-14-22722-6* 032 $aLibriCat 040 $aPUL$bita 100 1 $aBambi, Federigo.$0(OLS)http://pul/name/110497 245 10$aScrivere in latino, leggere in volgare : $bglossario dei testi notarili bilingui tra Due e Trecento /$cFederigo Bambi. 260 $aMilano :$bA. Giuffrè,$c2017. 300 $a192 p. ;$c23 cm 490 1 $aPer la storia del pensiero giuridico moderno ;$v116 504 $aBibliografia in nota. 650 04$aAtti e registri notarili.$0(OLS)http://pul/subject/567 830 0$aPer la storia del pensiero giuridico moderno ;$v116.$0(OLS)http://pul/title/10657 850 $aPUL 852 $aPUL$W1$xSL Diritto e Scienze Sociali 3$y79$m340. 09 COLL 1.116$j197657$qDDC 21$B200843$CPULBib$Z2$F200843 $H133010 $82 941 1 $a9 996 $6020$a978-88-14-22722-6*$9(OLS)http://pul/number/166288 996 $6245$aScrivere in latino, leggere in volgare : $bglossario dei testi notarili bilingui tra Due e Trecento$9(OLS)http://pul/title/213061 996 $6260$aMilano :$bA. Giuffrè$9(OLS)http://pul/publisher/48096 LEADER 01432nam a2200301 u 4500 001 000000044793 003 CaOOAMICUS 005 20070226114605.0 008 990510s1997 it u000 u ita u 020 $a8802052018 035 $a10822622 040 $aMSA$bita 110 1 $aItalia.$0(OLS)http://pul/name/1188 240 10$aCodice di procedura civile$9(Italia).$0(OLS)http://pul/title/60320 245 10$aCodice di procedura civile commentato.$nLibro quarto.$pI procedimenti speciali, Artt. 633-840 /$ca cura di Romano Vaccarella e Giovanni Verde. 246 30$aI procedimenti speciali, Artt. 633-840 260 $aTorino :$bUTET,$c1998. 300 $axiii, 1082 p. ;$c22 cm 650 4$aProcedura civile$zItalia.$0(OLS)http://pul/subject/14566 700 1 $aVerde, Giovanni.$0(OLS)http://pul/name/30544 700 1 $aVaccarella, Romano,$d1942-$0(OLS)http://pul/name/32628 850 $aPUL 852 $aPUL$W1$xSL Diritto e Scienze Sociali 3$y79$m300 A 24.4$j60249$nBK-PRI$b $qDDC 21$B60249$CPULBib$Z2$F60249 $H79624 $82 941 1 $a9 996 $6020$a8802052018$9(OLS)http://pul/number/55857 996 $6245$aCodice di procedura civile commentato.$nLibro quarto.$pI procedimenti speciali, Artt. 633-840$9(OLS)http://pul/title/60408 996 $6246$aI procedimenti speciali, Artt. 633-840$9(OLS)http://pul/title/60409 996 $6260$aTorino :$bUTET$9(OLS)http://pul/publisher/48088